• 首页
  • 本馆介绍
  • 公告通知
  • 最新文献
  • 馆藏检索
  • 电子资源
  • 读者导购
  • 参考咨询
  • 我的图书馆
  • 登录
  • 详细信息显示
  • 放入我的书架
  • 预约/预借图书
  • 作者相关作品
  • 分类相关作品
  • 丛书相关作品
  • 出版社相关作品

书目信息

  • 表格格式
  • 工作单格式
  • 卡片格式
题名:
社会学手册
    
 
作者: ;唐学文 译 ;苏联科学院社会学研究所 著
分册:  
出版信息: 杭州   浙江人民出版社  1983.08
页数: 618页
开本: 20cm
丛书名:
单 册:
中图分类: C91-62
科图分类:
主题词: 社会学--手册
电子资源:
ISBN:
000 00621nam0 2200205 45
001 0206231596
005 20060112163211.92
010    @dCNY2.11
091    @a3103.204
100    @a20020623d1983 km y0chiy0120 ea
101 0  @achi
200 1  @a社会学手册@AShe Hui Xue Shou Ce@f苏联科学院社会学研究所著@FSu Lian Ke Xue Yuan She Hui Xue Yan JiuSuo Zhu@g唐学文等译
210    @a杭州@c浙江人民出版社@d1983.08
215    @a618页@d20cm
606 0  @a社会学@x手册
690    @aC91-62@v3
702  0 @a唐学文@ATang Xue Wen@4译
711 02 @a苏联科学院社会学研究所@4著
801    @aCN@bTSTC@c20060112
905    @dC91-62@e23@f1@b153781
    
    社会学手册/苏联科学院社会学研究所著/唐学文等译.-杭州:浙江人民出版社,1983.08
    618页;20cm
    
    
    ISBN :CNY2.11
    
●
相关链接 在E读中查询图书 在五车中查询图书 在当当中查询图书 在豆瓣中查询图书


正题名:社会学手册     索取号:C91-62/23         预约/预借

序号 登录号 条形码 馆藏地/架位号 状态 备注
1 0095786   001965154   密集书库/ [索取号:C91-62/23] 在馆    
2 0095787   001798950   密集书库/ [索取号:C91-62/23] 在馆    
3 0095788   002042195   第一样本阅览室/ [索取号:C91-62/23] 在馆    
4 0153780   000364545   密集书库/ [索取号:C91-62/23] 在馆    
5 0153781   000364527   密集书库/ [索取号:C91-62/23] 在馆    
6 0153782   000364536   密集书库/ [索取号:C91-62/23] 在馆    
7 0160144   001798889   密集书库/ [索取号:C91-62/23] 在馆    
8 0160145   202173334   密集书库/ [索取号:C91-62/23] 在馆    
9 0160146   001798870   密集书库/ [索取号:C91-62/23] 在馆    
唐山师范学院图书馆 欢迎您!
大连网信软件有限公司© 版权所有